| 000 | 01800nam a22003017a 4500 | ||
|---|---|---|---|
| 003 | DO-SdBPM | ||
| 005 | 20260507122406.0 | ||
| 007 | ta | ||
| 008 | 110301s2019 dr d 000 0 spa d | ||
| 020 | _a9789945913392 | ||
| 040 |
_aDO-SdBPM _bspa _cBPMSU _drda |
||
| 082 | 0 | 4 |
_a305.42 _bV297e 2021 _222 |
| 100 | 1 |
_aVargas, Tahira _eautor _4aut. |
|
| 245 | 1 | 0 |
_aEstudio cualitativo sobre la trata de mujeres extranjeras en República Dominicana / _cTahira Vargas |
| 264 |
_aSanto Domingo : _bInstituto Nacional de Migración, _c2019. |
||
| 300 |
_a225 páginas : _c23 cm. |
||
| 336 |
_atexto _btxt _2rdacontent |
||
| 337 |
_asin mediación _bn _2rdamedia |
||
| 338 |
_avolumen _bnc _2rdacarrier |
||
| 504 | _aBibliografía páginas : 223-225 | ||
| 505 | 0 | _a . Introducción 2 -- Perfil sociodemográfico de las mujeres migrantes 3 -- Patrones migratorios en la población venezolana y haitiana entrevistada 4 -- Modalidades de trata de mujeres migrantes en el país 5 -- Causas de la trata de migrantes en el país 6 -- Modo de operación de las redes de trata de migrantes venezolanas y haitianas 7 --Relaciones entre las migrantes y la población e instituciones dominicanas 8 --Funcionamiento de los mecanismos de detección, atención y protección a las migrantes en situación de trata 9 -- Vacíos en las políticas migratorias que favorecen la trata de migrantes en el país 10 -- Impacto de las políticas públicas contra la trata de mujeres extranjeras en el país . | |
| 590 | _aInventariado, 2026/ VM | ||
| 650 | 7 |
_aMujeres inmigrantes _xCondiciones sociales _zRepública Dominicana _2 |
|
| 650 | 7 |
_aViolencia contra la mujer _zRepública Dominicana |
|
| 650 | 7 |
_aProstitución _z República Dominicana |
|
| 910 | _a VMateo V. Control de calidad. BPMSU | ||
| 942 |
_2ddc _cBK |
||
| 999 |
_c15828 _d15828 |
||